000
00327nam a22001337a 4500
008
190305b xxu||||| |||| 00| 0 eng d
020
_a
2740223450944
041
_a
eng
080
_2
7th
_a
621
100
_a
26
101
_a
IM
245
_a
Introduction to Materials Science for Engineers
_c
Shackelford,J.F
942
_2
udc
_c
BK
999
_c
54582
_d
54582